<?xml version="1.0" encoding="UTF-8"?>
<record
    xmlns:xsi="http://www.w3.org/2001/XMLSchema-instance"
    xsi:schemaLocation="http://www.loc.gov/MARC21/slim http://www.loc.gov/standards/marcxml/schema/MARC21slim.xsd"
    xmlns="http://www.loc.gov/MARC21/slim">

  <leader>02080nam a2200337 i 4500</leader>
  <controlfield tag="005">20220317000213.0</controlfield>
  <controlfield tag="008">280320s2004    sp  0 sgr     s     spa d</controlfield>
  <datafield tag="020" ind1=" " ind2=" ">
    <subfield code="a">8433019120</subfield>
  </datafield>
  <datafield tag="040" ind1=" " ind2=" ">
    <subfield code="a">CO-BoRNBP</subfield>
    <subfield code="b">spa</subfield>
    <subfield code="c">CO-BoRNBP</subfield>
    <subfield code="e">rda</subfield>
  </datafield>
  <datafield tag="041" ind1="0" ind2=" ">
    <subfield code="a">spa</subfield>
  </datafield>
  <datafield tag="082" ind1="0" ind2="4">
    <subfield code="a">306.85</subfield>
    <subfield code="b">F15</subfield>
  </datafield>
  <datafield tag="245" ind1="1" ind2="3">
    <subfield code="a">La familia, un valor cultural</subfield>
    <subfield code="b">tradiciones y educaci&#xF3;n en valores democr&#xE1;ticos</subfield>
    <subfield code="c">coordinadoras Mar&#xED;a del Pilar Zeled&#xF3;n Ruiz y Mar&#xED;a Rosa Buxarrais Estrada</subfield>
  </datafield>
  <datafield tag="250" ind1=" " ind2=" ">
    <subfield code="a">Primera edici&#xF3;n</subfield>
  </datafield>
  <datafield tag="264" ind1=" " ind2="1">
    <subfield code="a">Bilbao</subfield>
    <subfield code="b">Desclee de Brouwer</subfield>
    <subfield code="c">2004</subfield>
  </datafield>
  <datafield tag="300" ind1=" " ind2=" ">
    <subfield code="a">196 p&#xE1;ginas</subfield>
    <subfield code="c">21 cm</subfield>
  </datafield>
  <datafield tag="336" ind1=" " ind2=" ">
    <subfield code="a">texto</subfield>
    <subfield code="b">txt</subfield>
    <subfield code="2">rdacontent</subfield>
  </datafield>
  <datafield tag="337" ind1=" " ind2=" ">
    <subfield code="a">sin mediaci&#xF3;n</subfield>
    <subfield code="b">n</subfield>
    <subfield code="2">rdamedia</subfield>
  </datafield>
  <datafield tag="338" ind1=" " ind2=" ">
    <subfield code="a">volumen</subfield>
    <subfield code="b">nc</subfield>
    <subfield code="2">rdacarrier</subfield>
  </datafield>
  <datafield tag="490" ind1="0" ind2=" ">
    <subfield code="a">Aprendiendo a ser</subfield>
    <subfield code="v">Educaci&#xF3;n en valores</subfield>
  </datafield>
  <datafield tag="505" ind1="1" ind2=" ">
    <subfield code="a">Las familias desde oriente y occidente -- Las familias desde el hinduismo / &#xC1;ngel Moreu -- Las familias desde las corrientes heterodoxas: budismo y confucianismo / &#xC1;ngel Moreu -- Las familias desde el juda&#xED;smo / Mar&#xED;a Jos&#xE9; Cano -- Los valores en la familia de tradici&#xF3;n cristiana / Francesc Torralba -- La familia musulmana / Salah Jamal -- Las familias en la historia de Am&#xE9;rica -- En la &#xE9;poca prehisp&#xE1;nica -- La educaci&#xF3;n en valores en mesoam&#xE9;rica: mayas y mexicas durante el postcl&#xE1;sico / Meritxell Tous y Natalia Moragas -- Las familias en la historia de Am&#xE9;rica: per&#xED;odo incaico / M. Concepci&#xF3;n Bravo -- En la &#xE9;poca colonial -- La familia y la educaci&#xF3;n en M&#xE9;xico colonial / Pilar Gonzalbo Aizpuru -- Sociedades ind&#xED;genas actuales -- En el &#xE1;mbito amaz&#xF3;nico / Isabel Mir&#xF3; -- Valores familiares / Mar&#xED;a Eugenia Bozzoli</subfield>
  </datafield>
  <datafield tag="650" ind1="1" ind2="7">
    <subfield code="a">Educaci&#xF3;n para la vida familiar</subfield>
    <subfield code="2">LEMB</subfield>
  </datafield>
  <datafield tag="650" ind1="1" ind2="7">
    <subfield code="a">Hinduismo</subfield>
    <subfield code="x">Familias</subfield>
    <subfield code="2">LEMB</subfield>
  </datafield>
  <datafield tag="650" ind1="1" ind2="7">
    <subfield code="a">Budismo</subfield>
    <subfield code="x">Familias</subfield>
    <subfield code="2">LEMB</subfield>
  </datafield>
  <datafield tag="650" ind1="1" ind2="7">
    <subfield code="a">Musulmanes</subfield>
    <subfield code="x">Familias</subfield>
    <subfield code="2">LEMB</subfield>
  </datafield>
  <datafield tag="650" ind1="1" ind2="7">
    <subfield code="a">Cristianismo</subfield>
    <subfield code="x">Aspectos religiosos</subfield>
    <subfield code="2">LEMB</subfield>
  </datafield>
  <datafield tag="650" ind1="1" ind2="4">
    <subfield code="a">Comunidades ind&#xED;genas</subfield>
    <subfield code="2">LEMB</subfield>
  </datafield>
  <datafield tag="650" ind1="1" ind2="7">
    <subfield code="a">Familias</subfield>
    <subfield code="x">Historia</subfield>
    <subfield code="2">LEMB</subfield>
  </datafield>
  <datafield tag="700" ind1="1" ind2=" ">
    <subfield code="a">Buxarrais Estrada, Mar&#xED;a Rosa,</subfield>
    <subfield code="e">Coordinadoras</subfield>
    <subfield code="9">136537</subfield>
  </datafield>
  <datafield tag="700" ind1="1" ind2=" ">
    <subfield code="a">Zeled&#xF3;n Ruiz, Mar&#xED;a del Pilar,</subfield>
    <subfield code="e">Coordinadoras</subfield>
    <subfield code="9">136538</subfield>
  </datafield>
  <datafield tag="942" ind1=" " ind2=" ">
    <subfield code="2">ddc</subfield>
    <subfield code="c">BK</subfield>
  </datafield>
  <datafield tag="999" ind1=" " ind2=" ">
    <subfield code="c">3387</subfield>
    <subfield code="d">3387</subfield>
  </datafield>
</record>
